000 00705nam a22002171 4500
001 140933
003 ES-MaACL
005 20230906200201.0
007 t|
008 070918s1969 sp ||||0| spa d
040 _aM-BN
_bspa
_cA2
080 _a662.62(02)
100 1 _aFrancis, Wilfrid.
_952182
245 1 4 _aLos combustibles y su tecnologia /
_cWilfrid Francis ; traducido por Julian Dominguez Sanz... Revisado por Miguel Angel Montemayor.
260 _aBilbao :
_bUrmo,
_c[1969]
300 _a688 p. :
_bil. ;
_c25 cm.
650 1 4 _aCombustibles.
_911155
700 1 _aDomínguez Sanz, Julián.
_945250
700 1 _aMontemayor, Miguel Angel.
_982452
852 _aES-MaACL
_jC-37678
_bR.72188
999 _c140933
_d140933